000
00333nam a22001217a 4500
040
_c
HS
082
_a
630
100
_a
អ៊ុក គុណកា
245
_a
Agricultural exension ផ្សព្វផ្សាយកសិកម្ម
260
_a
Cambodia
_b
អ៊ុក គុណកា
_c
1999
300
_a
162p;
942
_c
KB
999
_c
9652
_d
9652